El mito del eterno retorno: arquetipos y repetición
Guardat en:
| Autor principal: | |
|---|---|
| Format: | Llibre |
| Idioma: | espanyol |
| Publicat: |
Madrid
Alianza
1972
|
| Edició: | 1a. ed |
| Col·lecció: | Humanidades, 379
|
| Matèries: | |
| Etiquetes: |
Afegir etiqueta
Sense etiquetes, Sigues el primer a etiquetar aquest registre!
|
MARC
| LEADER | 00000cam a2200000 a 4500 | ||
|---|---|---|---|
| 001 | UCD4352 | ||
| 003 | CL-VaPUC | ||
| 008 | 160708e19720000sp |||||||||||||||||spa|d | ||
| 020 | |a 8420613797 | ||
| 082 | 0 | 4 | |a 291.13 |b ELI |2 21 |
| 100 | 0 | |a Eliade, Mircea |e author |9 588034 | |
| 245 | 1 | 3 | |a El mito del eterno retorno: arquetipos y repetición |
| 250 | |a 1a. ed | ||
| 300 | |a 174 p | ||
| 942 | |c BK | ||
| 945 | |d 20160708 23:22:00 |a dcastane | ||
| 260 | |a Madrid |b Alianza |c 1972 | ||
| 650 | 0 | |a Mitología |9 255719 | |
| 650 | 0 | |a Simbolismo |9 267046 | |
| 583 | |a last modification |c 20160708 23:22:00 |k Rodrigo Vera | ||
| 490 | 0 | |a Humanidades, 379 | |
| 999 | |c 365274 |d 365272 | ||
| 952 | |0 0 |1 0 |3 erb |4 0 |6 291_130000000000000_ELI_1972 |7 0 |8 A |9 479066 |a FDOHBE |b BIBHIS |e Huesbe Llanos, Marco Antonio, 1934- |i 5332346 |l 5 |o 291.13 ELI 1972 |p 5332346 |r 2024-01-30 |s 2022-11-22 |w 2019-11-24 |y BK |z Catalogado en:20160708 |k HBE | ||